| 000 | 00960nam a2200289Ia 4500 | ||
|---|---|---|---|
| 005 | 20220316235350.0 | ||
| 008 | 121119s2001 sp gr 000 j spa | ||
| 020 | _a8420636495 | ||
| 041 | 1 | _aspa | |
| 100 | 1 |
_aKipling, Rudyard, _d1865-1936 |
|
| 245 | 1 | 3 |
_aEl libro de las tierras vírgenes _cRudyard Kipling ; traducción de Ramón D. Péres |
| 250 | _aSegunda reimpresión | ||
| 264 | 1 |
_aMadrid _bAlianza _c2001 |
|
| 300 |
_a440 páginas _c18 cm. |
||
| 336 |
_atexto _btxt _2rdacontent |
||
| 337 |
_asin mediación _bn _2rdamedia |
||
| 338 |
_avolumen _bnc _2rdacarrier |
||
| 490 | 0 | _aEl libro de bolsillo : biblioteca temática juvenil | |
| 650 | 1 | 4 |
_2LEMB _aLiteratura inglesa |
| 650 | 1 | 4 |
_2LEMB _aCuentos ingleses _vColecciones |
| 650 | 1 | 4 |
_2LEMB _aHistorias de aventuras |
| 650 | 1 | 4 |
_2LEMB _aNaturaleza _vCuentos |
| 700 | 1 |
_aPerés, Ramón D. _etraductor _9118073 |
|
| 942 |
_2loc _cBKLIT |
||
| 040 |
_aCO-BoRNBP _bspa _erda _cCO-BoRNBP |
||
| 084 | _aC KIP1 | ||
| 999 |
_c736 _d736 |
||